Handlovčania dolovali na východe Basketbalová liga mužov - 20. a 21. kolo ; Richard Nejezchleb, Ján Tichý, Viliam Gretsch, Petr Dufek, Luboš Polcar, Mikuláš Wurm

Podrobná bibliografia
Hlavní autori: Nejezchleb, Richard (Autor), Tichý, Ján (Autor), Gretsch, Viliam (Autor), Dufek, Petr, 1957- (Autor), Polcar, Luboš (Autor), Wurm, Mikuláš (Autor)
Médium: Článok
Jazyk:slovenčina
Fyzický popis:Obr. 1.
Predmet:

MARC

LEADER 00000nab a2200000 a 4500
001 vtls000407583
003 SK-MaSNL
005 20260302232217.0
008 120924c1991 xo 0 slo
015 |a SNBRB19rr/mm-uuuuu 
035 |a CL0407707 
040 |a SNKBUCL  |b slo  |c SNKBUCL  |e AACR2 
041 0 |a slo 
044 |a xo  |c SK 
080 |a 796.323.093.1(437)  |2 1981 
245 0 0 |a Handlovčania dolovali na východe  |b Basketbalová liga mužov - 20. a 21. kolo ; Richard Nejezchleb, Ján Tichý, Viliam Gretsch, Petr Dufek, Luboš Polcar, Mikuláš Wurm 
300 |b Obr. 1. 
650 0 7 |a basketbal  |2 snkbucl  |9 3290 
655 7 |a články z novín a časopisov  |2 snkbucl  |9 267496 
700 1 |a Nejezchleb, Richard  |4 aut  |9 273882 
700 1 |a Tichý, Ján  |4 aut  |9 564370 
700 1 |a Gretsch, Viliam  |4 aut  |9 896171 
700 1 |a Dufek, Petr,  |d 1957-  |4 aut  |9 48156 
700 1 |a Polcar, Luboš  |4 aut  |9 937289 
700 1 |a Wurm, Mikuláš  |4 aut  |9 873430 
773 0 |t Šport  |g Roč. 45, č. 23 (28. 1. 1991), s. 4 
850 |a Slovenská národná knižnica v Martine  |a MTA001 
852 |a SNK  |b KIS3GCP 
958 |a RK 
992 |a RBX 
999 |c 1541888  |d 1543818